000
00404nam a22001337a 4500
003
SGT
020
_a
9789385436178
082
_a
920
_b
S15D
100
_a
देव, संदीप
245
_a
स्वामी रामदेव : एक योगी - एक योद्धा
260
_b
ब्लूम्सबैरी पब्लिशिंग
_c
2015
300
_a
237
942
_2
ddc
_c
BK
999
_c
31852
_d
31852